00573 2200217 4500245007700000020002200077250001100099100001800110700002500128700001600153650001500169650001000184005001900194260005700213041001400270084000800284300002300292336000900315337001000324338002100334 aBuku Panduan Guru Matenatika untuk SMA/SMK Kelas XIcDicky SusantohText a978-602-244-789-4 aCet. 1 aDicky Susanto aSavitri K. Sihombing aTri Hartini aMatematika aEbook a20230616071811 aJakartabKementerian Pendidikan dan Kebudayaanc2021 aIndonesia a510 ax, 190 hlm. :cPDF atext aother aother (computer)